| 000 | 01084nam a2200361 a 4500 | ||
|---|---|---|---|
| 001 | 000008202 | ||
| 003 | DO-SdBNP | ||
| 005 | 20171026081915.0 | ||
| 007 | 000008202 | ||
| 008 | 090915s2000 dr 001 f spa d | ||
| 020 | _a8481301280 (v.1) | ||
| 020 | _a8481301299 (v.2) | ||
| 040 |
_aBPMSU _bspa _cBPMSU |
||
| 082 | 4 |
_a843.7 _bH895m |
|
| 100 | 1 |
_aHugo, Víctor, _d1802-1885 |
|
| 240 | 1 | 4 |
_aLes misérables. _lEspañol |
| 245 | 1 | 4 |
_aLos miserables / _cVíctor Hugo ; traducción de Aurora Alemany. |
| 260 |
_aSanto Domingo : _bEl Siglo, _c2000. |
||
| 300 |
_a2 v. ; _c21 cm. |
||
| 490 | 1 |
_aJoyas del milenio _v10/11 |
|
| 505 | _a | ||
| 534 |
_p: Les misérables _cBarcelona : Bibliotex, 2000. |
||
| 650 | 4 | _aNOVELA FRANCESA | |
| 650 | 4 | _aLITERATURA FRANCESA | |
| 650 | 4 | _aNOVELA HISTÓRICA FRANCESA | |
| 651 | 4 |
_aFRANCIA _xVIDA SOCIAL Y COSTUMBRES _ySIGLO XIX |
|
| 700 | 1 |
_aAlemany, Aurora, _etr. |
|
| 830 | 0 |
_aJoyas del milenio; _v10/11 |
|
| 910 | _a | ||
| 942 |
_2ddc _cBK |
||
| 945 | _aInventariado / 2017 VM | ||
| 956 |
_aVMATEO _b10 _c20150908 _lBPMSU _h0069 |
||
| 999 |
_c7504 _d7504 |
||